00326nam a2200133Ia 4500008004100000020001500041041001200056082001600068100001700084245003700101260003100138300000800169650001500177221030s9999 xx 000 0 und d a8126113154 aEnglish a105.23bBha aV. K. Bhalla 0aManagement of Financial Services bAnmol PubaNew Delhic2002 a596 aManagement